| 000 | 01247nam a2200265 i 4500 | ||
|---|---|---|---|
| 001 | 000046330 | ||
| 003 | DO-SdBNP | ||
| 005 | 20250609101052.0 | ||
| 007 | ta | ||
| 008 | 150723s2014 dr 000 0 spa d | ||
| 040 |
_aDO-SdBNP _bspa _cBNPHU _erda |
||
| 082 | 4 |
_axxxx _bxxxx _222 |
|
| 110 | 1 |
_aRepública Dominicana. _bMinisterio de la Mujer _956158 |
|
| 240 | 1 | 0 | _a[Leyes. etc.] |
| 245 | 1 | 0 |
_aLey 88-03 : _bpromulgada el 1o. de mayo de 2003, que instituye las Casas de Acogida o Refugios / _cpresentación Alejandrina Germán. |
| 246 | 1 | 0 |
_aLey 88-03 que instituye las casas de acogida o refugios : _bmanual de uso y reglamento de aplicación y funcionamiento. |
| 264 | 1 |
_aSanto Domingo : _bMinisterio de la Mujer, _c2014. |
|
| 300 |
_a63 páginas ; _c21 cm. |
||
| 336 |
_atexto _btxt _2rdacontent |
||
| 337 |
_asin mediación _bn _2rdamedia |
||
| 338 |
_avolumen _bnc _2rdacarrier |
||
| 505 | 0 |
_aLey 88-03 que instituye las Casas de acogida o Refugios -- _tDecreto no. 1467 de 2004, que aprueba el reglamento para la aplicación de la Ley no. 88-03 que instituye las Casas de Agogida o Refugios -- _tReglamento de funcionamiento para la aplicacion de la ley 88-03 -- |
|
| 700 | 1 |
_aGermán, Alejandrina, _epresentación _912096 |
|
| 942 |
_2ddc _cLBS1 |
||
| 999 |
_c45819 _d45819 |
||